000 00416nam a2200169Ia 4500
008 230524s9999 xx 000 0 und d
020 _a9789380712921
082 _a331.741
_bMIS
100 _aManoj Kumar Mishra
_942035
245 0 _aManagerial Economics
250 _a1
260 _aNew Delhi
_bVayu edu
_c2010
300 _a"XXIV,657p;"
500 _aQuantity Number: 1
650 _aEconomics
942 _cBK
999 _c56451
_d56451